Engineering Tribology / (Record no. 32750)
[ view plain ]
| 000 -LEADER | |
|---|---|
| fixed length control field | 00399nam a22001697a 4500 |
| 003 - CONTROL NUMBER IDENTIFIER | |
| control field | NUST |
| 020 ## - INTERNATIONAL STANDARD BOOK NUMBER | |
| International Standard Book Number | 81-203-2724-1 |
| 038 ## - RECORD CONTENT LICENSOR | |
| Staff Name | Khadija |
| 082 ## - DEWEY DECIMAL CLASSIFICATION NUMBER | |
| Classification number | 621.89 |
| Author Mark | SAH |
| 100 ## - MAIN ENTRY--PERSONAL NAME | |
| Personal name | Sahoo, Prasanta. |
| 9 (RLIN) | 87153 |
| 245 ## - TITLE STATEMENT | |
| Title | Engineering Tribology / |
| Statement of responsibility, etc. | Prasanta Sahoo |
| 260 ## - PUBLICATION, DISTRIBUTION, ETC. | |
| Place of publication, distribution, etc. | New delhi : |
| Name of publisher, distributor, etc. | Prentice Hall, |
| Date of publication, distribution, etc. | 2005. |
| 300 ## - PHYSICAL DESCRIPTION | |
| Extent | 322 p. ; |
| 500 ## - GENERAL NOTE | |
| General note | Paperback. |
| 563 ## - BINDING INFORMATION | |
| Binding note | PB |
| 942 ## - ADDED ENTRY ELEMENTS (KOHA) | |
| Koha item type | Book |
| Source of classification or shelving scheme | |
| Withdrawn status | Lost status | Source of classification or shelving scheme | Damaged status | Not for loan | Permanent Location | Current Location | Shelving location | Date acquired | Full call number | Barcode | Date last seen | Price effective from | Koha item type | Total Checkouts |
|---|---|---|---|---|---|---|---|---|---|---|---|---|---|---|
| Central Library (CL) | Central Library (CL) | 11/12/2015 | 621.89 SAH | SMME-1615 | 03/29/2018 | 11/12/2015 | Book | |||||||
| School of Mechanical & Manufacturing Engineering (SMME) | School of Mechanical & Manufacturing Engineering (SMME) | Text Books | 11/12/2015 | 621.89 SAH | SMME-1613 | 03/29/2018 | 11/12/2015 | Book | ||||||
| School of Mechanical & Manufacturing Engineering (SMME) | School of Mechanical & Manufacturing Engineering (SMME) | Text Books | 11/12/2015 | 621.89 SAH | SMME-1614 | 03/29/2018 | 11/12/2015 | Book |
